000 00821nam a2200229Ia 4500
003 GCL
005 20240530104637.0
008 140319s9999 xx 000 0 ara d
040 _aGCL /
_cGCL
082 0 4 _a327.56073
_bم ص
100 0 _aميخائيل سليمان
245 1 0 _aصورة العرب فى عقول الامريكيين /
_cميخائيل سليمان
260 _a[S.N] :
_bمركز دراسات الوحدة العربية ،
_c1987
300 _a267 ص
490 _aمركز دراسات الوحده العربية
_v0
650 0 4 _aالولايات المتحدة الامريكية
650 0 4 _aالشرق الاوسط
650 0 4 _aالعلاقات الدولية
650 0 4 _aحرب يونيو 1967 - مصر
700 1 _aعطا عبدالوهاب (مترجم)
942 _2ddc
_cBK
999 _c49455
_d49455